[Event "Senior Men Russian Championship 2022_HL"]
[Site "Saint-Petersburg, Russia"]
[Date "2022.09.28"]
[Round "5.3"]
[White "Loginov, Valery A"]
[Black "Dragomarezkij, Evgeni"]
[Result "1-0"]
[TimeControl "40+30"]
[WhiteElo "2478"]
[BlackElo "2297"]

1. e4 {[%clk 01:30:55]} {[%emt 00:00:04]} e5 {[%clk 01:30:49]} {[%emt
00:00:12]} 2. Nf3 {[%clk 01:31:17]} {[%emt 00:00:07]} Nf6 {[%clk 01:31:09]}
{[%emt 00:00:10]} 3. d4 {[%clk 01:31:31]} {[%emt 00:00:16]} Nxe4 {[%clk
01:31:31]} {[%emt 00:00:08]} 4. Bd3 {[%clk 01:31:51]} {[%emt 00:00:10]} Nc6
{[%clk 01:31:54]} {[%emt 00:00:08]} 5. O-O {[%clk 01:31:21]} {[%emt 00:00:59]}
d5 {[%clk 01:32:01]} {[%emt 00:00:23]} 6. dxe5 {[%clk 01:31:44]} {[%emt
00:00:07]} Be7 {[%clk 01:28:01]} {[%emt 00:04:29]} 7. Nc3 {[%clk 01:29:16]}
{[%emt 00:02:58]} Nxc3 {[%clk 01:27:56]} {[%emt 00:00:36]} 8. bxc3 {[%clk
01:29:39]} {[%emt 00:00:07]} Bg4 {[%clk 01:25:29]} {[%emt 00:02:57]} 9. Re1
{[%clk 01:29:48]} {[%emt 00:00:21]} Qd7 {[%clk 01:20:06]} {[%emt 00:05:52]} 10.
h3 {[%clk 01:27:27]} {[%emt 00:02:52]} Be6 {[%clk 01:16:20]} {[%emt 00:04:16]}
11. Rb1 {[%clk 01:23:57]} {[%emt 00:04:00]} Rb8 {[%clk 01:09:49]} {[%emt
00:07:00]} 12. Bg5 {[%clk 01:18:52]} {[%emt 00:05:35]} O-O {[%clk 01:05:02]}
{[%emt 00:05:17]} 13. Qd2 {[%clk 01:10:05]} {[%emt 00:09:17]} Rfe8 {[%clk
00:52:26]} {[%emt 00:13:06]} 14. Qf4 {[%clk 01:05:11]} {[%emt 00:05:24]} Bxg5
{[%clk 00:48:53]} {[%emt 00:04:04]} 15. Nxg5 {[%clk 01:03:38]} {[%emt
00:02:02]} h6 {[%clk 00:49:15]} {[%emt 00:00:09]} 16. Nh7 {[%clk 01:01:50]}
{[%emt 00:02:18]} Kh8 {[%clk 00:33:27]} {[%emt 00:16:18]} 17. Nf6 {[%clk
01:00:59]} {[%emt 00:01:21]} Qe7 {[%clk 00:33:49]} {[%emt 00:00:08]} 18. Nxe8
{[%clk 01:00:50]} {[%emt 00:00:38]} Qxe8 {[%clk 00:34:12]} {[%emt 00:00:08]} 19.
c4 {[%clk 00:59:07]} {[%emt 00:02:13]} Ne7 {[%clk 00:34:03]} {[%emt 00:00:38]}
20. cxd5 {[%clk 00:53:45]} {[%emt 00:05:52]} Bxd5 {[%clk 00:33:56]} {[%emt
00:00:38]} 21. e6 {[%clk 00:51:39]} {[%emt 00:02:36]} Bxe6 {[%clk 00:34:03]}
{[%emt 00:00:23]} 22. Qxc7 {[%clk 00:51:43]} {[%emt 00:00:26]} Nd5 {[%clk
00:34:04]} {[%emt 00:00:29]} 23. Qe5 {[%clk 00:51:10]} {[%emt 00:01:03]} Qc8
{[%clk 00:33:44]} {[%emt 00:00:51]} 24. Bc4 {[%clk 00:49:46]} {[%emt 00:01:54]}
Nc7 {[%clk 00:33:49]} {[%emt 00:00:25]} 25. Bb3 {[%clk 00:49:07]} {[%emt
00:01:08]} b6 {[%clk 00:34:00]} {[%emt 00:00:20]} 26. Re3 {[%clk 00:46:22]}
{[%emt 00:03:14]} Rb7 {[%clk 00:33:16]} {[%emt 00:01:15]} 27. Rg3 {[%clk
00:45:05]} {[%emt 00:01:45]} Qf8 {[%clk 00:32:28]} {[%emt 00:01:20]} 28. Rd1
{[%clk 00:44:58]} {[%emt 00:00:35]} f6 {[%clk 00:32:48]} {[%emt 00:00:11]} 29.
Qd6 {[%clk 00:43:50]} {[%emt 00:01:38]} Qxd6 {[%clk 00:32:40]} {[%emt
00:00:39]} 30. Rxd6 {[%clk 00:44:12]} {[%emt 00:00:06]} Bxb3 {[%clk 00:33:01]}
{[%emt 00:00:10]} 31. cxb3 {[%clk 00:44:04]} {[%emt 00:00:38]} Na6 {[%clk
00:33:24]} {[%emt 00:00:07]} 32. a3 {[%clk 00:42:00]} {[%emt 00:02:34]} Nc5
{[%clk 00:33:38]} {[%emt 00:00:16]} 33. Re3 {[%clk 00:38:17]} {[%emt 00:04:12]}
a5 {[%clk 00:33:45]} {[%emt 00:00:25]} 34. g4 {[%clk 00:35:13]} {[%emt
00:03:33]} Kg8 {[%clk 00:33:18]} {[%emt 00:00:57]} 35. b4 {[%clk 00:28:47]}
{[%emt 00:06:56]} axb4 {[%clk 00:33:33]} {[%emt 00:00:15]} 36. axb4 {[%clk
00:29:12]} {[%emt 00:00:06]} Na4 {[%clk 00:33:37]} {[%emt 00:00:25]} 37. Red3
{[%clk 00:27:17]} {[%emt 00:02:24]} Rc7 {[%clk 00:32:19]} {[%emt 00:01:49]} 38.
Rd8+ {[%clk 00:27:14]} {[%emt 00:00:32]} Kh7 {[%clk 00:32:44]} {[%emt
00:00:06]} 39. R3d7 {[%clk 00:27:15]} {[%emt 00:00:28]} Rc1+ {[%clk 00:32:33]}
{[%emt 00:00:42]} 40. Kg2 {[%clk 00:57:35]} {[%emt 00:00:09]} 1-0

[Event "Senior Men Russian Championship 2022_HL"]
[Site "Saint-Petersburg, Russia"]
[Date "2022.09.28"]
[Round "5.4"]
[White "Kalegin, Evgenij"]
[Black "Balashov, Yuri S"]
[Result "1/2-1/2"]
[TimeControl "40+30"]
[WhiteElo "2386"]
[BlackElo "2395"]

1. e4 {[%clk 01:30:57]} {[%emt 00:00:02]} e5 {[%clk 01:30:54]} {[%emt
00:00:06]} 2. Nf3 {[%clk 01:31:23]} {[%emt 00:00:04]} Nc6 {[%clk 01:31:19]}
{[%emt 00:00:06]} 3. Bb5 {[%clk 01:31:46]} {[%emt 00:00:07]} a6 {[%clk
01:31:41]} {[%emt 00:00:08]} 4. Ba4 {[%clk 01:32:11]} {[%emt 00:00:05]} Nf6
{[%clk 01:32:05]} {[%emt 00:00:05]} 5. O-O {[%clk 01:32:34]} {[%emt 00:00:07]}
Be7 {[%clk 01:32:26]} {[%emt 00:00:08]} 6. Re1 {[%clk 01:32:58]} {[%emt
00:00:07]} b5 {[%clk 01:32:49]} {[%emt 00:00:08]} 7. Bb3 {[%clk 01:33:23]}
{[%emt 00:00:06]} d6 {[%clk 01:33:10]} {[%emt 00:00:09]} 8. c3 {[%clk
01:33:47]} {[%emt 00:00:06]} O-O {[%clk 01:33:33]} {[%emt 00:00:07]} 9. h3
{[%clk 01:34:12]} {[%emt 00:00:04]} Re8 {[%clk 01:33:49]} {[%emt 00:00:13]} 10.
Ng5 {[%clk 01:34:29]} {[%emt 00:00:14]} Rf8 {[%clk 01:34:13]} {[%emt 00:00:06]}
11. Nf3 {[%clk 01:34:54]} {[%emt 00:00:04]} Bb7 {[%clk 01:34:35]} {[%emt
00:00:08]} 12. d4 {[%clk 01:35:18]} {[%emt 00:00:07]} Re8 {[%clk 01:34:57]}
{[%emt 00:00:07]} 13. Ng5 {[%clk 01:35:43]} {[%emt 00:00:06]} Rf8 {[%clk
01:35:23]} {[%emt 00:00:04]} 14. Nf3 {[%clk 01:36:08]} {[%emt 00:00:05]} Re8
{[%clk 01:33:59]} {[%emt 00:00:05]} 1/2-1/2

[Event "Senior Men Russian Championship 2022_HL"]
[Site "Saint-Petersburg, Russia"]
[Date "2022.09.28"]
[Round "5.5"]
[White "Raetsky, Alexander"]
[Black "Pozin, Sergey"]
[Result "0-1"]
[TimeControl "40+30"]
[WhiteElo "2384"]
[BlackElo "2257"]

1. d4 {[%clk 01:30:57]} {[%emt 00:00:03]} Nf6 {[%clk 01:30:07]} {[%emt
00:00:54]} 2. c4 {[%clk 01:30:50]} {[%emt 00:00:36]} g6 {[%clk 01:29:34]}
{[%emt 00:01:04]} 3. Nc3 {[%clk 01:31:04]} {[%emt 00:00:16]} Bg7 {[%clk
01:29:38]} {[%emt 00:00:26]} 4. e4 {[%clk 01:31:23]} {[%emt 00:00:11]} O-O
{[%clk 01:29:52]} {[%emt 00:00:16]} 5. Be2 {[%clk 01:31:15]} {[%emt 00:00:38]}
d6 {[%clk 01:29:51]} {[%emt 00:00:31]} 6. Bg5 {[%clk 01:31:34]} {[%emt
00:00:10]} c5 {[%clk 01:23:32]} {[%emt 00:06:50]} 7. d5 {[%clk 01:31:46]}
{[%emt 00:00:18]} e6 {[%clk 01:23:48]} {[%emt 00:00:15]} 8. Qd2 {[%clk
01:30:37]} {[%emt 00:01:38]} exd5 {[%clk 01:21:56]} {[%emt 00:02:23]} 9. exd5
{[%clk 01:30:44]} {[%emt 00:00:22]} Qb6 {[%clk 01:21:30]} {[%emt 00:00:56]} 10.
h3 {[%clk 01:18:06]} {[%emt 00:13:08]} Re8 {[%clk 01:15:10]} {[%emt 00:06:51]}
11. Nf3 {[%clk 01:17:45]} {[%emt 00:00:50]} Bf5 {[%clk 01:11:22]} {[%emt
00:04:18]} 12. Nh4 {[%clk 01:07:43]} {[%emt 00:10:31]} Ne4 {[%clk 01:04:58]}
{[%emt 00:06:55]} 13. Nxe4 {[%clk 01:08:00]} {[%emt 00:00:14]} Bxe4 {[%clk
01:05:24]} {[%emt 00:00:04]} 14. f3 {[%clk 01:07:28]} {[%emt 00:01:01]} Qxb2
{[%clk 01:00:58]} {[%emt 00:04:57]} 15. Rc1 {[%clk 01:06:44]} {[%emt 00:01:13]}
h6 {[%clk 00:55:40]} {[%emt 00:05:48]} 16. Be3 {[%clk 01:01:55]} {[%emt
00:05:18]} Qf6 {[%clk 00:45:39]} {[%emt 00:10:32]} 17. g3 {[%clk 00:59:55]}
{[%emt 00:02:30]} g5 {[%clk 00:43:46]} {[%emt 00:02:23]} 18. Ng2 {[%clk
00:57:00]} {[%emt 00:03:24]} Bg6 {[%clk 00:40:18]} {[%emt 00:03:58]} 19. O-O
{[%clk 00:26:50]} {[%emt 00:30:40]} Nd7 {[%clk 00:37:29]} {[%emt 00:03:20]} 20.
Kh2 {[%clk 00:26:57]} {[%emt 00:00:22]} Qb2 {[%clk 00:37:13]} {[%emt 00:00:46]}
21. Qd1 {[%clk 00:05:27]} {[%emt 00:22:01]} Bd4 {[%clk 00:33:53]} {[%emt
00:03:49]} 22. Bd2 {[%clk 00:04:07]} {[%emt 00:01:51]} Re7 {[%clk 00:15:32]}
{[%emt 00:18:51]} 23. f4 {[%clk 00:04:21]} {[%emt 00:00:16]} Rae8 {[%clk
00:15:21]} {[%emt 00:00:41]} 24. Bg4 {[%clk 00:03:38]} {[%emt 00:01:13]} Be4
{[%clk 00:14:25]} {[%emt 00:01:26]} 25. Re1 {[%clk 00:01:06]} {[%emt 00:03:02]}
Nf6 {[%clk 00:13:30]} {[%emt 00:01:25]} 26. Re2 {[%clk 00:00:57]} {[%emt
00:00:39]} Bd3 {[%clk 00:10:02]} {[%emt 00:03:58]} 27. Rxe7 {[%clk 00:00:54]}
{[%emt 00:00:34]} Rxe7 {[%clk 00:10:27]} {[%emt 00:00:04]} 28. fxg5 {[%clk
00:00:33]} {[%emt 00:00:51]} Nxg4+ {[%clk 00:09:31]} {[%emt 00:01:26]} 29. Qxg4
{[%clk 00:00:35]} {[%emt 00:00:28]} Qxd2 {[%clk 00:09:10]} {[%emt 00:00:51]} 30.
gxh6+ {[%clk 00:01:01]} {[%emt 00:00:04]} Kh7 {[%clk 00:08:34]} {[%emt
00:01:05]} 31. Rd1 {[%clk 00:01:23]} {[%emt 00:00:09]} Qf2 {[%clk 00:07:31]}
{[%emt 00:01:32]} 0-1

[Event "Senior Men Russian Championship 2022_HL"]
[Site "Saint-Petersburg, Russia"]
[Date "2022.09.28"]
[Round "5.6"]
[White "Mishuchkov, Nikolai M."]
[Black "Zhelnin, Vladimir V"]
[Result "1/2-1/2"]
[TimeControl "40+30"]
[WhiteElo "2258"]
[BlackElo "2344"]

1. d4 {[%clk 01:30:53]} {[%emt 00:00:06]} Nf6 {[%clk 01:30:02]} {[%emt
00:00:59]} 2. Nf3 {[%clk 01:30:47]} {[%emt 00:00:35]} g6 {[%clk 01:28:36]}
{[%emt 00:01:56]} 3. g3 {[%clk 01:30:46]} {[%emt 00:00:31]} Bg7 {[%clk
01:28:40]} {[%emt 00:00:25]} 4. Bg2 {[%clk 01:31:09]} {[%emt 00:00:07]} O-O
{[%clk 01:28:41]} {[%emt 00:00:28]} 5. O-O {[%clk 01:31:34]} {[%emt 00:00:07]}
d6 {[%clk 01:28:31]} {[%emt 00:00:39]} 6. b3 {[%clk 01:27:57]} {[%emt
00:04:07]} Nc6 {[%clk 01:16:45]} {[%emt 00:12:16]} 7. Bb2 {[%clk 01:26:35]}
{[%emt 00:01:52]} e5 {[%clk 01:14:54]} {[%emt 00:02:20]} 8. dxe5 {[%clk
01:26:38]} {[%emt 00:00:28]} Ng4 {[%clk 01:10:04]} {[%emt 00:05:18]} 9. Qd2
{[%clk 01:26:30]} {[%emt 00:00:40]} Ngxe5 {[%clk 01:09:33]} {[%emt 00:01:01]}
10. c4 {[%clk 01:25:29]} {[%emt 00:01:31]} Bg4 {[%clk 01:02:57]} {[%emt
00:07:05]} 11. Nd4 {[%clk 01:11:49]} {[%emt 00:14:11]} Nxd4 {[%clk 00:41:35]}
{[%emt 00:21:52]} 12. Bxd4 {[%clk 01:11:52]} {[%emt 00:00:27]} c5 {[%clk
00:35:20]} {[%emt 00:06:46]} 13. Bb2 {[%clk 01:11:25]} {[%emt 00:00:57]} Qd7
{[%clk 00:31:26]} {[%emt 00:04:24]} 14. f4 {[%clk 01:05:15]} {[%emt 00:06:39]}
Nc6 {[%clk 00:31:08]} {[%emt 00:00:50]} 15. Bxg7 {[%clk 01:05:35]} {[%emt
00:00:09]} Kxg7 {[%clk 00:31:22]} {[%emt 00:00:16]} 16. Nc3 {[%clk 01:05:52]}
{[%emt 00:00:13]} Rae8 {[%clk 00:28:45]} {[%emt 00:03:08]} 17. Rf2 {[%clk
00:58:25]} {[%emt 00:07:56]} f6 {[%clk 00:23:29]} {[%emt 00:05:46]} 18. Ne4
{[%clk 00:49:01]} {[%emt 00:09:54]} Rd8 {[%clk 00:21:37]} {[%emt 00:02:22]} 19.
Re1 {[%clk 00:45:17]} {[%emt 00:04:13]} h5 {[%clk 00:20:10]} {[%emt 00:01:58]}
20. h4 {[%clk 00:42:46]} {[%emt 00:03:01]} Nd4 {[%clk 00:17:50]} {[%emt
00:02:51]} 21. e3 {[%clk 00:36:07]} {[%emt 00:07:08]} Nf5 {[%clk 00:18:00]}
{[%emt 00:00:20]} 22. Qc3 {[%clk 00:36:22]} {[%emt 00:00:15]} Qe7 {[%clk
00:15:34]} {[%emt 00:02:56]} 23. Rd2 {[%clk 00:36:02]} {[%emt 00:00:50]} b6
{[%clk 00:15:54]} {[%emt 00:00:11]} 24. Kf2 {[%clk 00:34:39]} {[%emt 00:01:51]}
Nh6 {[%clk 00:15:24]} {[%emt 00:01:01]} 25. Kg1 {[%clk 00:34:52]} {[%emt
00:00:17]} Nf5 {[%clk 00:15:46]} {[%emt 00:00:08]} 26. Nf2 {[%clk 00:32:51]}
{[%emt 00:01:28]} 1/2-1/2

[Event "Senior Men Russian Championship 2022_HL"]
[Site "Saint-Petersburg, Russia"]
[Date "2022.09.28"]
[Round "5.7"]
[White "Osmolny, Vladimir I."]
[Black "Vul, Arkadi Eremeevich"]
[Result "0-1"]
[TimeControl "40+30"]
[WhiteElo "2092"]
[BlackElo "2181"]

1. c4 {[%clk 01:30:56]} {[%emt 00:00:03]} e6 {[%clk 01:30:53]} {[%emt
00:00:08]} 2. Nc3 {[%clk 01:31:09]} {[%emt 00:00:17]} d5 {[%clk 01:31:15]}
{[%emt 00:00:07]} 3. d4 {[%clk 01:31:28]} {[%emt 00:00:12]} c6 {[%clk
01:31:35]} {[%emt 00:00:10]} 4. e4 {[%clk 01:30:13]} {[%emt 00:01:45]} dxe4
{[%clk 01:31:10]} {[%emt 00:00:56]} 5. Nxe4 {[%clk 01:30:37]} {[%emt 00:00:05]}
Bb4+ {[%clk 01:31:35]} {[%emt 00:00:05]} 6. Nc3 {[%clk 01:31:00]} {[%emt
00:00:08]} c5 {[%clk 01:31:48]} {[%emt 00:00:16]} 7. Be3 {[%clk 01:28:51]}
{[%emt 00:02:39]} Nf6 {[%clk 01:30:03]} {[%emt 00:02:14]} 8. a3 {[%clk
01:22:53]} {[%emt 00:06:29]} Bxc3+ {[%clk 01:27:55]} {[%emt 00:02:38]} 9. bxc3
{[%clk 01:23:16]} {[%emt 00:00:06]} Qa5 {[%clk 01:27:05]} {[%emt 00:01:20]} 10.
Bd2 {[%clk 01:16:45]} {[%emt 00:07:02]} Ne4 {[%clk 01:24:13]} {[%emt 00:03:21]}
11. Qc2 {[%clk 01:07:25]} {[%emt 00:09:50]} Nxd2 {[%clk 01:24:12]} {[%emt
00:00:31]} 12. Qxd2 {[%clk 01:07:46]} {[%emt 00:00:09]} cxd4 {[%clk 01:24:25]}
{[%emt 00:00:17]} 13. cxd4 {[%clk 01:08:01]} {[%emt 00:00:15]} Nc6 {[%clk
01:23:37]} {[%emt 00:01:18]} 14. Nf3 {[%clk 01:08:11]} {[%emt 00:00:20]} Ke7
{[%clk 01:13:27]} {[%emt 00:10:40]} 15. Rd1 {[%clk 01:01:07]} {[%emt 00:07:34]}
Rd8 {[%clk 01:11:22]} {[%emt 00:02:35]} 16. Be2 {[%clk 00:54:47]} {[%emt
00:06:50]} b6 {[%clk 01:08:29]} {[%emt 00:03:23]} 17. O-O {[%clk 00:51:10]}
{[%emt 00:04:07]} Qxd2 {[%clk 01:02:52]} {[%emt 00:06:07]} 18. Rxd2 {[%clk
00:51:37]} {[%emt 00:00:03]} Na5 {[%clk 01:00:04]} {[%emt 00:03:19]} 19. Rb1
{[%clk 00:48:06]} {[%emt 00:04:01]} Bb7 {[%clk 00:27:57]} {[%emt 00:32:36]} 20.
c5 {[%clk 00:37:47]} {[%emt 00:10:50]} Be4 {[%clk 00:27:23]} {[%emt 00:01:04]}
21. Rb5 {[%clk 00:29:31]} {[%emt 00:08:46]} Bc6 {[%clk 00:25:07]} {[%emt
00:02:45]} 22. Rb4 {[%clk 00:17:54]} {[%emt 00:12:07]} bxc5 {[%clk 00:15:59]}
{[%emt 00:09:38]} 23. dxc5 {[%clk 00:18:15]} {[%emt 00:00:09]} Rxd2 {[%clk
00:15:14]} {[%emt 00:01:15]} 24. Nxd2 {[%clk 00:18:39]} {[%emt 00:00:06]} Rd8
{[%clk 00:15:35]} {[%emt 00:00:09]} 25. Nf1 {[%clk 00:06:27]} {[%emt 00:12:42]}
Rd5 {[%clk 00:14:57]} {[%emt 00:01:08]} 26. Bf3 {[%clk 00:06:03]} {[%emt
00:00:54]} Rxc5 {[%clk 00:15:19]} {[%emt 00:00:08]} 27. Bxc6 {[%clk 00:06:10]}
{[%emt 00:00:23]} Rxc6 {[%clk 00:08:17]} {[%emt 00:07:32]} 28. Rb5 {[%clk
00:05:27]} {[%emt 00:01:12]} Ra6 {[%clk 00:08:02]} {[%emt 00:00:45]} 29. Ne3
{[%clk 00:03:57]} {[%emt 00:02:00]} f5 {[%clk 00:05:52]} {[%emt 00:02:41]} 30.
g3 {[%clk 00:04:08]} {[%emt 00:00:19]} Kf6 {[%clk 00:05:18]} {[%emt 00:01:03]}
31. f4 {[%clk 00:03:19]} {[%emt 00:01:19]} h6 {[%clk 00:02:11]} {[%emt
00:03:38]} 32. h4 {[%clk 00:03:14]} {[%emt 00:00:35]} g5 {[%clk 00:02:02]}
{[%emt 00:00:39]} 33. hxg5+ {[%clk 00:03:20]} {[%emt 00:00:24]} hxg5 {[%clk
00:02:31]} {[%emt 00:00:01]} 34. Kf2 {[%clk 00:02:15]} {[%emt 00:01:35]} gxf4
{[%clk 00:02:24]} {[%emt 00:00:37]} 35. gxf4 {[%clk 00:02:43]} Nc6 {[%clk
00:02:21]} {[%emt 00:00:34]} 36. Rc5 {[%clk 00:02:01]} {[%emt 00:01:12]} Ne7
{[%clk 00:02:08]} {[%emt 00:00:42]} 37. Nc4 {[%clk 00:01:50]} {[%emt 00:00:42]}
Nd5 {[%clk 00:00:41]} {[%emt 00:01:57]} 38. Kf3 {[%clk 00:02:11]} {[%emt
00:00:08]} Ra4 {[%clk 00:00:46]} {[%emt 00:00:26]} 39. Rc6 {[%clk 00:01:26]}
{[%emt 00:01:15]} Ne7 {[%clk 00:00:42]} {[%emt 00:00:34]} 40. Rc5 {[%clk
00:31:24]} {[%emt 00:00:32]} Ra6 {[%clk 00:30:36]} {[%emt 00:00:36]} 41. Ra5
{[%clk 00:27:18]} {[%emt 00:04:36]} Rxa5 {[%clk 00:14:09]} {[%emt 00:16:58]} 42.
Nxa5 {[%clk 00:27:46]} {[%emt 00:00:02]} e5 {[%clk 00:14:18]} {[%emt 00:00:20]}
43. fxe5+ {[%clk 00:27:52]} {[%emt 00:00:24]} Kxe5 {[%clk 00:14:43]} {[%emt
00:00:05]} 44. Ke3 {[%clk 00:23:58]} {[%emt 00:04:23]} Kd5 {[%clk 00:05:14]}
{[%emt 00:09:59]} 45. Kf4 {[%clk 00:23:11]} {[%emt 00:01:17]} Kc5 {[%clk
00:05:03]} {[%emt 00:00:41]} 46. Ke5 {[%clk 00:22:45]} {[%emt 00:00:56]} Kb5
{[%clk 00:05:25]} {[%emt 00:00:08]} 47. Nb7 {[%clk 00:19:34]} {[%emt 00:03:42]}
Ka4 {[%clk 00:04:04]} {[%emt 00:01:51]} 48. Nd6 {[%clk 00:16:57]} {[%emt
00:03:07]} a6 {[%clk 00:03:55]} {[%emt 00:00:39]} 49. Ke6 {[%clk 00:14:58]}
{[%emt 00:02:27]} Kxa3 {[%clk 00:02:42]} {[%emt 00:01:43]} 50. Kxe7 {[%clk
00:15:15]} {[%emt 00:00:13]} f4 {[%clk 00:03:05]} {[%emt 00:00:06]} 51. Nc4+
{[%clk 00:14:27]} {[%emt 00:01:18]} Kb3 {[%clk 00:02:14]} {[%emt 00:01:21]} 52.
Ne5 {[%clk 00:07:32]} {[%emt 00:07:25]} a5 {[%clk 00:02:33]} {[%emt 00:00:10]}
53. Kd6 {[%clk 00:07:32]} {[%emt 00:00:30]} a4 {[%clk 00:02:47]} {[%emt
00:00:17]} 54. Nd3 {[%clk 00:04:08]} {[%emt 00:03:54]} a3 {[%clk 00:02:31]}
{[%emt 00:00:46]} 55. Kd5 {[%clk 00:04:24]} {[%emt 00:00:14]} f3 {[%clk
00:02:35]} {[%emt 00:00:26]} 56. Ke4 {[%clk 00:03:14]} {[%emt 00:01:39]} f2
{[%clk 00:01:55]} {[%emt 00:01:11]} 57. Kd4 {[%emt 00:00:15]} 0-1

[Event "Senior Men Russian Championship 2022_HL"]
[Site "Saint-Petersburg, Russia"]
[Date "2022.09.28"]
[Round "5.8"]
[White "Filipenko, Alexander V"]
[Black "Kasantsev, Anatolij B."]
[Result "1/2-1/2"]
[TimeControl "40+30"]
[WhiteElo "2171"]
[BlackElo "1908"]

1. e4 {[%clk 01:30:56]} {[%emt 00:00:03]} c5 {[%clk 01:30:45]} {[%emt
00:00:15]} 2. Nf3 {[%clk 01:31:10]} {[%emt 00:00:17]} e6 {[%clk 01:31:03]}
{[%emt 00:00:12]} 3. d4 {[%clk 01:31:34]} {[%emt 00:00:07]} cxd4 {[%clk
01:31:30]} {[%emt 00:00:02]} 4. Nxd4 {[%clk 01:31:53]} {[%emt 00:00:11]} a6
{[%clk 01:31:53]} {[%emt 00:00:07]} 5. c4 {[%clk 01:32:18]} {[%emt 00:00:05]}
Nf6 {[%clk 01:32:10]} {[%emt 00:00:13]} 6. Nc3 {[%clk 01:32:33]} {[%emt
00:00:15]} Bb4 {[%clk 01:32:25]} {[%emt 00:00:14]} 7. Qd3 {[%clk 01:32:54]}
{[%emt 00:00:10]} Qc7 {[%clk 01:32:32]} {[%emt 00:00:23]} 8. a3 {[%clk
01:30:46]} {[%emt 00:02:39]} Be7 {[%clk 01:32:49]} {[%emt 00:00:12]} 9. f4
{[%clk 01:29:22]} {[%emt 00:01:54]} d6 {[%clk 01:33:10]} {[%emt 00:00:09]} 10.
Be2 {[%clk 01:29:09]} {[%emt 00:00:43]} b6 {[%clk 01:30:18]} {[%emt 00:03:22]}
11. O-O {[%clk 01:26:16]} {[%emt 00:03:23]} Bb7 {[%clk 01:29:39]} {[%emt
00:01:10]} 12. f5 {[%clk 01:20:36]} {[%emt 00:06:10]} e5 {[%clk 01:26:49]}
{[%emt 00:03:19]} 13. Nc2 {[%clk 01:19:29]} {[%emt 00:01:37]} Nbd7 {[%clk
01:25:39]} {[%emt 00:01:40]} 14. b4 {[%clk 01:10:36]} {[%emt 00:09:24]} Rc8
{[%clk 01:25:39]} {[%emt 00:00:29]} 15. Ne3 {[%clk 01:02:25]} {[%emt 00:08:41]}
b5 {[%clk 01:23:43]} {[%emt 00:02:25]} 16. Ncd5 {[%clk 00:51:25]} {[%emt
00:11:31]} Bxd5 {[%clk 01:23:05]} {[%emt 00:01:07]} 17. exd5 {[%clk 00:48:52]}
{[%emt 00:03:04]} e4 {[%clk 01:20:08]} {[%emt 00:03:27]} 18. Qd4 {[%clk
00:44:55]} {[%emt 00:04:27]} Qb7 {[%clk 01:16:31]} {[%emt 00:04:06]} 19. cxb5
{[%clk 00:40:41]} {[%emt 00:04:44]} axb5 {[%clk 01:15:33]} {[%emt 00:01:27]} 20.
a4 {[%clk 00:41:00]} {[%emt 00:00:12]} bxa4 {[%clk 01:14:57]} {[%emt 00:01:05]}
21. Rxa4 {[%clk 00:41:20]} {[%emt 00:00:11]} Rb8 {[%clk 01:07:58]} {[%emt
00:07:29]} 22. Bd2 {[%clk 00:35:04]} {[%emt 00:06:46]} Bd8 {[%clk 01:06:18]}
{[%emt 00:02:10]} 23. Ba6 {[%clk 00:22:42]} {[%emt 00:12:52]} Qb6 {[%clk
01:06:12]} {[%emt 00:00:36]} 1/2-1/2

[Event "Senior Men Russian Championship 2022_HL"]
[Site "Saint-Petersburg, Russia"]
[Date "2022.09.28"]
[Round "5.9"]
[White "Mamoshin, Valery"]
[Black "Lisenko, Alexander V"]
[Result "1/2-1/2"]
[TimeControl "40+30"]
[WhiteElo "2203"]
[BlackElo "2307"]

1. e4 {[%clk 01:30:58]} {[%emt 00:00:01]} c5 {[%clk 01:30:22]} {[%emt
00:00:38]} 2. d4 {[%clk 01:31:07]} {[%emt 00:00:21]} cxd4 {[%clk 01:30:45]}
{[%emt 00:00:07]} 3. c3 {[%clk 01:31:32]} {[%emt 00:00:04]} d5 {[%clk
01:26:41]} {[%emt 00:04:35]} 4. exd5 {[%clk 01:31:48]} {[%emt 00:00:14]} Qxd5
{[%clk 01:27:06]} {[%emt 00:00:05]} 5. cxd4 {[%clk 01:32:09]} {[%emt 00:00:09]}
Nc6 {[%clk 01:26:47]} {[%emt 00:00:50]} 6. Nf3 {[%clk 01:32:30]} {[%emt
00:00:08]} e6 {[%clk 01:27:07]} {[%emt 00:00:11]} 7. Nc3 {[%clk 01:32:47]}
{[%emt 00:00:12]} Bb4 {[%clk 01:24:59]} {[%emt 00:02:38]} 8. Bd3 {[%clk
01:31:29]} {[%emt 00:01:47]} Nf6 {[%clk 01:25:04]} {[%emt 00:00:25]} 9. O-O
{[%clk 01:31:50]} {[%emt 00:00:10]} Qd8 {[%clk 01:15:35]} {[%emt 00:09:59]} 10.
Bg5 {[%clk 01:31:19]} {[%emt 00:01:01]} Be7 {[%clk 01:15:40]} {[%emt 00:00:25]}
11. Rc1 {[%clk 01:29:39]} {[%emt 00:02:10]} O-O {[%clk 01:16:02]} {[%emt
00:00:08]} 12. Re1 {[%clk 01:26:02]} {[%emt 00:04:07]} b6 {[%clk 01:05:52]}
{[%emt 00:10:41]} 13. Ne4 {[%clk 00:47:50]} {[%emt 00:38:41]} Bb7 {[%clk
01:04:41]} {[%emt 00:01:41]} 14. Nxf6+ {[%clk 00:40:51]} {[%emt 00:07:29]} Bxf6
{[%clk 01:04:51]} {[%emt 00:00:20]} 15. Bxf6 {[%clk 00:41:13]} {[%emt
00:00:08]} Qxf6 {[%clk 01:04:45]} {[%emt 00:00:35]} 16. Be4 {[%clk 00:39:44]}
{[%emt 00:01:59]} Na5 {[%clk 00:55:05]} {[%emt 00:10:10]} 17. Qd3 {[%clk
00:35:07]} {[%emt 00:05:07]} Bxe4 {[%clk 00:45:24]} {[%emt 00:10:12]} 18. Qxe4
{[%clk 00:35:34]} {[%emt 00:00:02]} Rac8 {[%clk 00:42:41]} {[%emt 00:03:14]} 19.
Ne5 {[%clk 00:35:31]} {[%emt 00:00:33]} Qe7 {[%clk 00:30:11]} {[%emt 00:12:59]}
20. d5 {[%clk 00:33:44]} {[%emt 00:02:18]} Rxc1 {[%clk 00:26:19]} {[%emt
00:04:22]} 21. Rxc1 {[%clk 00:34:06]} {[%emt 00:00:07]} exd5 {[%clk 00:26:42]}
{[%emt 00:00:08]} 22. Qxd5 {[%clk 00:34:13]} {[%emt 00:00:23]} Rd8 {[%clk
00:27:00]} {[%emt 00:00:12]} 23. Nd7 {[%clk 00:21:27]} {[%emt 00:13:16]}
1/2-1/2